000 00628cam a22002417a 4500
001 000758
003 armpunfd
005 20140612090620.0
008 011019e1967####xx#a##########000#0#und#d
040 _aarmpunfd
_carmpunfd
080 _a347.933 B 454
100 1 0 _a Jodl, Carlos
245 1 0 _aNulidad en el proceso
260 _a La Plata
_b Platense
_c1967
300 _a150p.
650 7 _a Derecho Procesal
_2LEMB
650 7 _a Nulidad Procesal
_2LEMB
700 1 0 _aBerizonce, Roberto O.
942 _cLB
_2cdu
945 _aCatalis
_d2010-08-19
945 _aCatalis
_d2010-08-19
945 _aCatalis
_d2010-08-19
999 _c749
_d231253